| 000 | 00332nam a22001217a 4500 | ||
|---|---|---|---|
| 082 |
_a954.915092 _bPCS _cN-1, P-66 |
||
| 100 |
_aPCST _938279 |
||
| 245 |
_aScientific research in pakistan _cPCST |
||
| 260 |
_aislamabad _bPCST _c2000 |
||
| 300 |
_aviii,313p. _bill _c31 cm |
||
| 526 |
_a0 _b0 _c0 _d954_915092000000000_PCS |
||
| 942 |
_2ddc _cBK |
||
| 999 |
_c549859 _d549859 |
||